000 00439nam a2200169 a 4500
001 2220
003 CO-ViMGA
008 141112s2004 ck r 000 u spa d
040 _aCO-ViMGA
_bspa
_cCO-ViMGA
082 0 4 _a863.912 H842a
100 1 _aHuidobro, Vicente
_950988
245 1 0 _aAltazar o el viaje en paracaidas
260 _aCaracas :
_bMonte Avila,
_c1993
300 _a106 p
650 1 4 _aPOESIA ESPAÑOLA
_93200
942 _2ddc
_cBK
999 _c14325
_d14325